000 00504nam a2200169Ia 4500
999 _c20580
_d20580
003 OSt
005 20200625143117.0
008 190216s9999||||xx |||||||||||||| ||und||
040 _coclc
082 _a954
_bBAL/C
100 _aPillai, Kesari A Balakrishna
_93243
245 0 _aCharitrathinte Adiverukal /
_cKesari A Balakrishna Pillai
260 _bKerala Sahithya Academy,
_c1995.
_aThrissur:
300 _a269p
650 _aHistory
942 _cBK
_2ddc
_h954
_iBAL/C
_k954
_mBAL/C